| 000 | 00638nam a2200241Ia 4500 | ||
|---|---|---|---|
| 003 | OSt | ||
| 005 | 20220924142518.0 | ||
| 006 | a|||||r|||| 00| 0 | ||
| 007 | ta | ||
| 008 | 220923b |||||||| |||| 00| 0 mni d | ||
| 024 | _a302262 | ||
| 037 | _cTextual | ||
| 040 |
_aARTS _cARTS _bmni |
||
| 041 |
_2mni _amni |
||
| 082 | _aO446114,3x, L5 | ||
| 100 |
_aSastri Neelabir _9213527 |
||
| 245 | 0 | _aParishad khangatlaba wari macha | |
| 260 | _c1975 | ||
| 650 | _aMANIPURI LITERATURE | ||
| 700 |
_a Singha Ed. _9213528 |
||
| 942 |
_hO446114,3x, L5 _cTEXL _2CC |
||
| 999 |
_c450987 _d450987 |
||